[Event "GER-ch Youth U12M 2018"]
[Site "Willingen"]
[Date "2018.05.23"]
[Round "6"]
[White "Rössel, Gino"]
[Black "Halabi, Ibrahim"]
[Result "*"]
[WhiteElo "1705"]
[BlackElo "1701"]
[Annotator "NA RC"]
[PlyCount "92"]
[EventDate "2018.05.19"]
[EventType "swiss"]
[EventCountry "GER"]
[SourceTitle "playchess.com"]
[Source "ChessBase"]
[SourceQuality "1"]
[TimeControl "40/4500+30:900+30"]

1. e4 {[%emt 0:00:00]} c5 {[%emt 0:00:04]} 2. Nf3 {[%emt 0:00:00]} d6 {[%emt 0:00:06]} 3. Bb5+ {[%emt 0:00:02]} Bd7 {[%emt 0:00:20]} 4. Bxd7+ {[%emt 0:00:08]} Qxd7 {[%emt 0:00:22]} 5. O-O {[%emt 0:00:31]} e6 {[%emt 0:00:16]} 6. c3 {[%emt 0:00:43]} Nf6 {[%emt 0:01:43]} 7. Re1 {[%emt 0:07:15]} Nc6 {[%emt 0:09:09]} 8. d4 {[%emt 0:06:17]} d5 {[%emt 0:07:48]} 9. exd5 {[%emt 0:02:43]} Qxd5 {[%emt 0:04:35]} 10. b3 {[%emt 0:09:49]} cxd4 {[%emt 0:05:34]} 11. cxd4 {[%emt 0:05:20]} Bb4 {[%emt 0:01:50]} 12. Bd2 {[%emt 0:03:56]} Bxd2 {[%emt 0:02:24]} 13. Qxd2 {[%emt 0:00:42]} O-O {[%emt 0:00:56]} 14. Nc3 {[%emt 0:05:18]} Qd7 {[%emt 0:01:36]} 15. Rad1 {[%emt 0:01:55]} Rad8 {[%emt 0:03:35]} 16. Ne4 {[%emt 0:04:51]} Nxe4 {[%emt 0:12:03]} 17. Rxe4 {[%emt 0:00:18]} Ne7 {[%emt 0:00:32]} 18. Rg4 {[%emt 0:04:21]} Ng6 {[%emt 0:00:42]} 19. h4 {[%emt 0:06:46]} e5 {[%emt 0:07:28]} 20. Rg3 {[%emt 0:00:20]} e4 {[%emt 0:01:19]} 21. Ng5 {[%emt 0:02:11]} Nxh4 {[%emt 0:00:51]} 22. Nxe4 {[%emt 0:00:46]} Ng6 {[%emt 0:01:12]} 23. Ng5 {[%emt 0:03:40]} Qf5 {[%emt 0:02:32]} 24. Rf3 {[%emt 0:02:19]} Qg4 {[%emt 0:00:44]} 25. Nh3 {[%emt 0:01:00]} Rd5 {[%emt 0:03:32]} 26. Rg3 {[%emt 0:01:19]} Qe4 {[%emt 0:01:25]} 27. Ng5 {[%emt 0:00:44]} Qf4 {[%emt 0:00:41]} 28. Qxf4 {[%emt 0:03:06]} Nxf4 {[%emt 0:00:06]} 29. Rg4 {[%emt 0:01:56]} Rfd8 {[%emt 0:02:04]} 30. Rxf4 {[%emt 0:02:21]} Rxg5 {[%emt 0:00:06]} 31. Rc1 {[%emt 0:01:05]} f6 {[%emt 0:04:28]} 32. Rc7 {[%emt 0:00:24]} Ra5 {[%emt 0:03:24]} 33. a4 {[%emt 0:02:04]} b5 {[%emt 0:00:11]} 34. axb5 {[%emt 0:02:25]} Rxb5 {[%emt 0:00:05]} 35. Rxa7 {[%emt 0:00:16]} Rxb3 {[%emt 0:00:05]} 36. Re4 {[%emt 0:01:01]} Rb5 {[%emt 0:04:54]} 37. Ree7 {[%emt 0:02:19]} Rg5 {[%emt 0:00:36]} 38. d5 {[%emt 0:01:29]} Kf8 {[%emt 0:00:36]} 39. Rec7 {[%emt 0:01:36]} h6 {[%emt 0:04:13]} 40. d6 {[%emt 0:01:06]} f5 {[%emt 0:15:45]} 41. Rf7+ {[%emt 0:15:37]} Kg8 {[%emt 0:00:32]} 42. Rfd7 {[%emt 0:00:00]} Rxd7 {[%emt 0:00:00]} 43. Rxd7 {[%emt 0:00:00]} Rg6 {[%emt 0:00:00]} 44. Rd8+ {[%emt 0:00:00]} Kf7 {[%emt 0:00:00]} 45. d7 {[%emt 0:00:00]} Ke7 {[%emt 0:00:00]} 46. Rf8 {[%emt 0:00:00]} Kxd7 {[%emt 0:00:00]} *

[Event "GER-ch Youth U12M 2018"]
[Site "Willingen"]
[Date "2018.05.23"]
[Round "6"]
[White "Klugstedt, Vincent"]
[Black "Werner, Denis"]
[Result "0-1"]
[WhiteElo "1689"]
[BlackElo "1706"]
[Annotator "NA RC"]
[PlyCount "116"]
[EventDate "2018.05.19"]
[EventType "swiss"]
[EventCountry "GER"]
[SourceTitle "playchess.com"]
[Source "ChessBase"]
[SourceQuality "1"]
[TimeControl "40/4500+30:900+30"]

1. d4 {[%emt 0:00:00]} d5 {[%emt 0:00:11]} 2. c4 {[%emt 0:00:00]} c6 {[%emt 0:00:26]} 3. Nc3 {[%emt 0:00:56]} Nf6 {[%emt 0:00:42]} 4. cxd5 {[%emt 0:01:25]} cxd5 {[%emt 0:00:57]} 5. Bf4 {[%emt 0:01:08]} a6 {[%emt 0:01:13]} 6. Nf3 {[%emt 0:01:22]} Nc6 {[%emt 0:01:36]} 7. e3 {[%emt 0:01:03]} Bg4 {[%emt 0:01:32]} 8. Bd3 {[%emt 0:03:10]} e6 {[%emt 0:04:28]} 9. O-O {[%emt 0:01:05]} Be7 {[%emt 0:02:05]} 10. a3 {[%emt 0:02:01]} O-O {[%emt 0:02:29]} 11. Rc1 {[%emt 0:02:28]} Rc8 {[%emt 0:02:27]} 12. h3 {[%emt 0:02:02]} Bxf3 {[%emt 0:02:08]} 13. Qxf3 {[%emt 0:01:21]} b5 {[%emt 0:01:51]} 14. a4 {[%emt 0:05:49]} Nb4 {[%emt 0:05:36]} 15. Be2 {[%emt 0:02:13]} bxa4 {[%emt 0:01:55]} 16. Nxa4 {[%emt 0:03:29]} Ne4 {[%emt 0:01:04]} 17. Rfd1 {[%emt 0:06:19]} Bh4 {[%emt 0:03:43]} 18. Bg3 {[%emt 0:10:30]} Bxg3 {[%emt 0:01:32]} 19. fxg3 {[%emt 0:00:11]} Qg5 {[%emt 0:02:02]} 20. Nc5 {[%emt 0:04:25]} Nxc5 {[%emt 0:02:08]} 21. dxc5 {[%emt 0:00:56]} Qe7 {[%emt 0:00:11]} 22. Qf4 {[%emt 0:02:29]} a5 {[%emt 0:00:34]} 23. Qd6 {[%emt 0:03:44]} Qb7 {[%emt 0:03:22]} 24. Qb6 {[%emt 0:06:33]} Qxb6 {[%emt 0:00:17]} 25. cxb6 {[%emt 0:00:06]} Rb8 {[%emt 0:00:04]} 26. Rc5 {[%emt 0:00:56]} Rxb6 {[%emt 0:00:13]} 27. Rdc1 {[%emt 0:01:40]} g6 {[%emt 0:01:35]} 28. Rxa5 {[%emt 0:00:36]} Nc6 {[%emt 0:00:39]} 29. Rac5 {[%emt 0:01:21]} Rxb2 {[%emt 0:00:49]} 30. Kf1 {[%emt 0:05:17]} Ne7 {[%emt 0:00:47]} 31. g4 {[%emt 0:00:45]} Rfb8 {[%emt 0:00:53]} 32. Kf2 {[%emt 0:01:31]} Ra2 {[%emt 0:01:42]} 33. Kf1 {[%emt 0:01:57]} Rb3 {[%emt 0:01:38]} 34. R5c3 {[%emt 0:01:35]} Rxc3 {[%emt 0:02:51]} 35. Rxc3 {[%emt 0:00:05]} Ra8 {[%emt 0:00:02]} 36. Rc7 {[%emt 0:00:23]} Nc8 {[%emt 0:00:10]} 37. Rc6 {[%emt 0:01:37]} Kf8 {[%emt 0:00:47]} 38. Bb5 {[%emt 0:02:48]} Ra1+ {[%emt 0:00:38]} 39. Kf2 {[%emt 0:00:09]} Na7 {[%emt 0:00:10]} 40. Ra6 {[%emt 0:00:23]} Rxa6 {[%emt 0:15:19]} 41. Bxa6 {[%emt 0:15:04]} Nc6 {[%emt 0:00:30]} 42. g5 {[%emt 0:00:30]} Ke7 {[%emt 0:00:08]} 43. Bb5 {[%emt 0:00:54]} Kd6 {[%emt 0:00:31]} 44. Kg3 {[%emt 0:01:06]} Kc5 {[%emt 0:00:25]} 45. Ba4 {[%emt 0:00:44]} e5 {[%emt 0:01:33]} 46. Kf3 {[%emt 0:02:31]} Nd8 {[%emt 0:00:52]} 47. Be8 {[%emt 0:01:00]} Kc4 {[%emt 0:00:38]} 48. Ke2 {[%emt 0:01:52]} Kc3 {[%emt 0:01:11]} 49. h4 {[%emt 0:01:59]} d4 {[%emt 0:00:53]} 50. Bb5 {[%emt 0:00:00]} Nb7 {[%emt 0:00:00]} 51. Bc6 {[%emt 0:00:00]} Nd6 {[%emt 0:00:00]} 52. exd4 {[%emt 0:00:00]} exd4 {[%emt 0:00:00]} 53. Bd5 {[%emt 0:00:00]} d3+ {[%emt 0:00:00]} 54. Kd1 {[%emt 0:00:00]} Nf5 {[%emt 0:00:00]} 55. Bf3 {[%emt 0:00:00]} d2 {[%emt 0:00:00]} 56. Ke2 {[%emt 0:00:00]} Nd4+ {[%emt 0:00:00]} 57. Kd1 {[%emt 0:00:00]} Nxf3 {[%emt 0:00:00]} 58. gxf3 {[%emt 0:00:00]} Kd3 {[%emt 0:00:00]} 0-1

[Event "GER-ch Youth U12M 2018"]
[Site "Willingen"]
[Date "2018.05.23"]
[Round "6"]
[White "Chassard, Cedric"]
[Black "Bakiev, Diyor"]
[Result "*"]
[WhiteElo "1590"]
[BlackElo "1752"]
[Annotator "NA RC"]
[PlyCount "141"]
[EventDate "2018.05.19"]
[EventType "swiss"]
[EventCountry "GER"]
[SourceTitle "playchess.com"]
[Source "ChessBase"]
[SourceQuality "1"]
[TimeControl "40/4500+30:900+30"]

1. e4 {[%emt 0:00:00]} e5 {[%emt 0:00:07]} 2. Nf3 {[%emt 0:00:00]} Nc6 {[%emt 0:00:08]} 3. Bc4 {[%emt 0:00:00]} Bc5 {[%emt 0:00:11]} 4. c3 {[%emt 0:00:00]} Nf6 {[%emt 0:00:10]} 5. d4 {[%emt 0:00:00]} exd4 {[%emt 0:00:09]} 6. cxd4 {[%emt 0:00:00]} Bb4+ {[%emt 0:00:08]} 7. Nbd2 {[%emt 0:00:00]} d5 {[%emt 0:03:31]} 8. exd5 {[%emt 0:00:01]} Nxd5 {[%emt 0:00:06]} 9. O-O {[%emt 0:01:01]} O-O {[%emt 0:00:24]} 10. a3 {[%emt 0:02:10]} Be7 {[%emt 0:04:24]} 11. h3 {[%emt 0:04:19]} Bf5 {[%emt 0:04:42]} 12. Nb3 {[%emt 0:03:22]} Re8 {[%emt 0:06:54]} 13. Re1 {[%emt 0:01:34]} a6 {[%emt 0:02:11]} 14. Nc5 {[%emt 0:05:07]} Na5 {[%emt 0:08:12]} 15. Bxd5 {[%emt 0:00:52]} Qxd5 {[%emt 0:00:21]} 16. Re5 {[%emt 0:00:16]} Qc4 {[%emt 0:06:27]} 17. Rxf5 {[%emt 0:01:16]} Rad8 {[%emt 0:01:24]} 18. b3 {[%emt 0:02:53]} Qb5 {[%emt 0:02:22]} 19. Qc2 {[%emt 0:01:22]} g6 {[%emt 0:06:22]} 20. Re5 {[%emt 0:01:20]} Nc6 {[%emt 0:03:13]} 21. Re4 {[%emt 0:05:22]} f5 {[%emt 0:06:06]} 22. Re1 {[%emt 0:01:35]} Bxc5 {[%emt 0:03:40]} 23. Rxe8+ {[%emt 0:00:23]} Rxe8 {[%emt 0:00:09]} 24. dxc5 {[%emt 0:00:22]} Re2 {[%emt 0:02:09]} 25. Qc4+ {[%emt 0:00:57]} Qxc4 {[%emt 0:00:05]} 26. bxc4 {[%emt 0:00:04]} Rc2 {[%emt 0:00:22]} 27. Be3 {[%emt 0:00:21]} Na5 {[%emt 0:03:05]} 28. Rd1 {[%emt 0:00:59]} Nxc4 {[%emt 0:03:04]} 29. Rd8+ {[%emt 0:00:41]} Kg7 {[%emt 0:00:50]} 30. Bd4+ {[%emt 0:00:13]} Kh6 {[%emt 0:01:02]} 31. Rd7 {[%emt 0:04:30]} Ra2 {[%emt 0:04:02]} 32. Bg7+ {[%emt 0:00:27]} Kh5 {[%emt 0:00:05]} 33. Bf8 {[%emt 0:00:58]} g5 {[%emt 0:01:10]} 34. Rg7 {[%emt 0:00:33]} h6 {[%emt 0:00:38]} 35. Rxc7 {[%emt 0:01:32]} Nd2 {[%emt 0:05:08]} 36. Nxd2 {[%emt 0:00:17]} Rxd2 {[%emt 0:00:05]} 37. Rxb7 {[%emt 0:00:23]} Rc2 {[%emt 0:01:12]} 38. Rb6 {[%emt 0:00:11]} g4 {[%emt 0:00:27]} 39. Rxh6+ {[%emt 0:00:17]} Kg5 {[%emt 0:00:05]} 40. h4+ {[%emt 0:00:30]} Kf4 {[%emt 0:15:30]} 41. Re6 {[%emt 0:15:30]} g3 {[%emt 0:00:30]} 42. Bd6+ {[%emt 0:00:30]} Kg4 {[%emt 0:00:30]} 43. Bxg3 {[%emt 0:00:30]} Rxc5 {[%emt 0:00:30]} 44. Rg6+ {[%emt 0:00:30]} Kh5 {[%emt 0:00:30]} 45. Rxa6 {[%emt 0:00:30]} Rc4 {[%emt 0:00:30]} 46. Rf6 {[%emt 0:00:30]} Rc5 {[%emt 0:00:30]} 47. a4 {[%emt 0:00:30]} Ra5 {[%emt 0:00:30]} 48. Kf1 {[%emt 0:00:30]} Kg4 {[%emt 0:00:30]} 49. Rg6+ {[%emt 0:00:30]} Kh5 {[%emt 0:00:30]} 50. Rg5+ {[%emt 0:00:30]} Kh6 {[%emt 0:00:30]} 51. Ke2 {[%emt 0:00:00]} Rxa4 {[%emt 0:03:18]} 52. Rxf5 {[%emt 0:00:00]} Ra2+ {[%emt 0:00:10]} 53. Kf3 {[%emt 0:00:00]} Kg6 {[%emt 0:00:17]} 54. Rg5+ {[%emt 0:00:00]} Kf6 {[%emt 0:00:11]} 55. Be5+ {[%emt 0:00:00]} Ke6 {[%emt 0:00:14]} 56. h5 {[%emt 0:00:00]} Ra3+ {[%emt 0:00:09]} 57. Kg4 {[%emt 0:00:00]} Ra4+ {[%emt 0:00:13]} 58. f4 {[%emt 0:00:02]} Ra2 {[%emt 0:00:10]} 59. g3 {[%emt 0:00:04]} Ra7 {[%emt 0:00:23]} 60. h6 {[%emt 0:00:06]} Rh7 {[%emt 0:00:23]} 61. Kh5 {[%emt 0:00:14]} Rf7 {[%emt 0:01:19]} 62. Rg6+ {[%emt 0:00:20]} Kd5 {[%emt 0:00:42]} 63. Bg7 {[%emt 0:00:11]} Rc7 {[%emt 0:00:23]} 64. h7 {[%emt 0:00:09]} Rc1 {[%emt 0:00:04]} 65. h8=Q {[%emt 0:00:14]} Rh1+ {[%emt 0:00:22]} 66. Kg5 {[%emt 0:00:05]} Rg1 {[%emt 0:00:19]} 67. Qd8+ {[%emt 0:00:06]} Ke4 {[%emt 0:00:06]} 68. Re6+ {[%emt 0:00:07]} Kf3 {[%emt 0:00:04]} 69. Qd3+ {[%emt 0:00:04]} Kg2 {[%emt 0:00:05]} 70. Qe2+ {[%emt 0:00:04]} Kh1 {[%emt 0:00:26]} 71. Rh6# {[%emt 0:00:04]} *

[Event "GER-ch Youth U12M 2018"]
[Site "Willingen"]
[Date "2018.05.23"]
[Round "7"]
[White "Wagner, Leopold Franziskus"]
[Black "Tham, Nam"]
[Result "1/2-1/2"]
[WhiteElo "2234"]
[BlackElo "1866"]
[Annotator "TA"]
[PlyCount "131"]
[EventDate "2018.05.19"]
[EventType "swiss"]
[EventCountry "GER"]
[SourceTitle "playchess.com"]
[Source "ChessBase"]
[SourceQuality "1"]

{[%evp 14,131,-5,-46,-9,-53,-53,-91,-91,-104,-94,-107,-63,-98,-65,-74,-34,-51,22,4,0,21,43,44,48,69,83,90,131,116,100,2,13,0,68,7,61,36,231,217,202,194,213,118,116,99,110,58,147,89,144,159,165,177,187,160,241,243,277,293,270,169,169,169,169,165,165,55,231,213,222,195,189,60,6,-69,131,129,251,249,267,256,284,0,0,-13,25,57,75,50,47,8,0,0,3,-48,95,-17,-17,-20,-20,-599,-579,-570,-20,-20,-20,-20,-20,-20,-8,-8,0,-8,-8,-8,0,0,0,0]} 1. Nf3 Nf6 2. g3 d5 3. Bg2 e6 4. O-O Be7 5. c4 O-O 6. b3 c5 7. d3 Nc6 8. Nbd2 {LiveBook: 10 Partien} Qc7 {A14: Reti-Eröffnung} 9. Bb2 d4 10. e4 e5 {Schwarz steht besser.} 11. h3 Re8 $146 ({Vorgänger:} 11... Bd7 12. Kh2 g6 13. Ne1 Rae8 14. Ndf3 Nh5 15. Bc1 Bf6 16. Nc2 Bg7 {½-½ (68) Abdilkhair,A (1968)-Kumar,N (2317) Montevideo 2017}) 12. Nh2 a6 13. a3 b5 14. f4 Bf8 15. f5 bxc4 (15... h6 $15) 16. bxc4 Rb8 17. Bc1 Kh8 18. g4 Ng8 19. g5 f6 20. Qh5 Qe7 21. Ndf3 $1 {[%cal Rf3h4] Schwarz muss nun Sh4 beachten.} (21. g6 $6 h6 $14) 21... fxg5 22. Nxg5 (22. Bxg5 $16 Nf6 23. Qh4) 22... Nf6 $11 23. Qh4 Nd8 ({Lieber} 23... h6 $11) 24. Ng4 (24. Bf3 $14) 24... Rb6 (24... Rb3 $11) 25. Bd2 Nc6 $2 (25... Rb3 $1 $14) 26. Rab1 $18 Rxb1 27. Rxb1 Kg8 28. Kh1 (28. Bf3 $18) 28... h6 $16 {Weiss sollte ...Sxg4 verhindern.} 29. Nf3 {[%cal Rd2h6]} Nxg4 30. Qxg4 (30. hxg4 $16 Qxh4+ 31. Nxh4) 30... Qf6 (30... Qd6 $1 $14) 31. Rb6 (31. Nh2 $142) 31... Re7 (31... Be7 $142) 32. Qh4 $1 {[%cal Rh4f6] Und weiter mit Dxf6 wäre nett.} Qxh4 33. Nxh4 Rc7 34. Ng6 Bb7 (34... Bd7 $16 35. Bf3 (35. Rxa6 Bd6 $16) 35... Rc8) 35. Bf3 $18 Kf7 36. Bh5 Kg8 37. Rb1 Bc8 38. Rg1 Bd6 {[#]} 39. f6 $1 {[%mdl 512] Und Lxh6! würde nun gewinnen.} Kh7 (39... gxf6 40. Ne7+) 40. Nh4 (40. Ne7 $1 $18 Nxe7 41. Rxg7+ Kh8 42. Bxh6 (42. fxe7 Rxe7 43. Rg6 Re6 $14)) 40... g5 $2 (40... gxf6 $14 41. Bg6+ Kh8) 41. Bg6+ Kh8 42. Nf5 Bxf5 43. exf5 (43. Bxf5 $18 {Droht stark Tb1.} Rf7 44. h4 $1 {[%mdl 512]}) 43... e4 $14 {zielt auf ...e3 ab.} 44. dxe4 (44. Rb1 $11) 44... Ne5 $2 (44... Rb7 $1 $15) 45. Rb1 $16 {Weiss droht Tb8+ und Matt.} Rc8 (45... Ra7 $16) 46. Rb7 $18 Bc7 47. Be1 $1 d3 48. Bg3 $2 (48. Bc3 $18 {Droht Matt per Txc7!} Kg8 49. Be8) 48... d2 $11 49. Rb1 Rb8 50. Rd1 $1 {[%cal Rd1d2]} Rb2 51. Kg2 Bb8 52. Kf1 Nxc4 53. Bxb8 Rxb8 {[%mdl 4096] Endspiel KTL-KTS} 54. Ke2 (54. e5 $11 Nxe5 55. Rxd2) 54... Rb3 {[#]} (54... Rf8 $15 {bleibt weiter vorne.}) 55. Bf7 (55. Rxd2 $1 $16 {[%cal Rd2d8]} Re3+ 56. Kf2 Nxd2 57. Kxe3 Nc4+ 58. Kd3 Ne5+ 59. Kc2) 55... Re3+ 56. Kf2 Rxe4 57. Rb1 $2 {[%mdl 8192] [#]} (57. Bxc4 $1 $11 Rxc4 58. Rxd2) 57... Nb2 $1 $19 {[%mdl 512]} 58. Bb3 (58. Rxb2 d1=N+) 58... d1=Q $2 ({Günstiger ist} 58... Nd3+ $19 59. Kf3 Rd4) 59. Bxd1 $11 {Die Stellung ist ausgeglichen.} Nxd1+ 60. Rxd1 {KT-KT} Rf4+ 61. Ke3 Rxf5 62. Rd6 $132 {[%mdl 2048] Weiss is not keeping still} Kg8 63. Rxa6 Kf7 64. a4 Rf1 ({Jedoch nicht} 64... Rxf6 $2 65. Rxf6+ Kxf6 66. a5 $18) 65. a5 Rh1 66. Rc6 {Precision: Weiß = 38%, Schwarz = 27%.} 1/2-1/2

[Event "GER-ch Youth U12M 2018"]
[Site "Willingen"]
[Date "2018.05.23"]
[Round "7"]
[White "Bui, Bao Anh Le"]
[Black "Garner, Isaac"]
[Result "1/2-1/2"]
[WhiteElo "1974"]
[BlackElo "1784"]
[Annotator "NA RC"]
[PlyCount "47"]
[EventDate "2018.05.19"]
[EventType "swiss"]
[EventCountry "GER"]
[SourceTitle "playchess.com"]
[Source "ChessBase"]
[SourceQuality "1"]
[TimeControl "40/4500+30:900+30"]

1. e4 {[%emt 0:00:00]} c5 {[%emt 0:00:32]} 2. Nf3 {[%emt 0:00:05]} e6 {[%emt 0:00:05]} 3. c4 {[%emt 0:00:04]} Nc6 {[%emt 0:00:07]} 4. Nc3 {[%emt 0:00:06]} Nd4 {[%emt 0:00:04]} 5. Bd3 {[%emt 0:00:05] B40: Sicilian: 2...e6, Unusual lines} Ne7 {[%emt 0:03:25]} 6. Nxd4 {[%emt 0:00:20]} cxd4 {[%emt 0:00:12]} 7. Ne2 {[%emt 0:00:03]} Nc6 {[%emt 0:00:33]} 8. Bc2 {[%emt 0:00:39]} e5 $146 {[%emt 0:10:55]} ({Predecessor:} 8... Be7 9. d3 O-O 10. O-O Rb8 11. Ba4 e5 12. f4 d6 {½-½ (70) Melkumyan,H (2654)-Ladva,O (2522) chess.com INT 2018}) 9. O-O {[%emt 0:01:27]} Be7 {[%emt 0:02:24]} 10. f4 {[%emt 0:01:20]} d6 {[%emt 0:00:58]} 11. f5 {[%emt 0:01:30]} a6 {[%emt 0:03:02]} 12. d3 {[%emt 0:08:45]} O-O {[%emt 0:09:45]} 13. Ng3 {[%emt 0:01:38]} Bg5 {[%emt 0:03:59]} 14. Qg4 {[%emt 0:06:22]} Bxc1 {[%emt 0:05:52]} 15. Raxc1 {[%emt 0:01:01]} h6 {[%emt 0:00:54]} 16. h4 {[%emt 0:05:57]} Kh8 {[%emt 0:07:52]} 17. Qh5 {[%emt 0:05:43]} Ne7 {[%emt 0:09:11]} (17... f6 $11 {remains equal.}) 18. Nh1 {[%emt 0:30:05]} Ng8 {[%emt 0:06:04]} 19. Nf2 {[%emt 0:00:54]} Nf6 {[%emt 0:01:01]} 20. Qf3 {[%emt 0:00:10]} h5 {[%emt 0:03:29]} 21. Kh1 {[%emt 0:05:57]} g6 {[%emt 0:03:33]} 22. g4 {[%emt 0:03:01]} hxg4 {[%emt 0:03:35]} 23. Nxg4 {[%emt 0:00:04] [#]} Nh5 $1 {[%emt 0:02:06]} 24. Qf2 $19 {[%emt 0:10:25]} (24. Rf2 {was called for.} Nf4 25. fxg6) 1/2-1/2

[Event "GER-ch Youth U12M 2018"]
[Site "Willingen"]
[Date "2018.05.23"]
[Round "7"]
[White "Foerster-Yialamas, Lucas"]
[Black "Metzdorf, Matteo"]
[Result "0-1"]
[WhiteElo "1924"]
[BlackElo "1832"]
[Annotator "NA RC"]
[PlyCount "104"]
[EventDate "2018.05.19"]
[EventType "swiss"]
[EventCountry "GER"]
[SourceTitle "playchess.com"]
[Source "ChessBase"]
[SourceQuality "1"]
[TimeControl "40/4500+30:900+30"]

1. e4 {[%emt 0:00:00]} e6 {[%emt 0:00:08]} 2. d4 {[%emt 0:00:00]} d5 {[%emt 0:00:04]} 3. Nc3 {[%emt 0:00:00]} Nf6 {[%emt 0:00:08]} 4. e5 {[%emt 0:00:05]} Nfd7 {[%emt 0:00:05]} 5. f4 {[%emt 0:00:26]} c5 {[%emt 0:00:06]} 6. Nf3 {[%emt 0:00:34]} Nc6 {[%emt 0:00:04]} 7. Be3 {[%emt 0:00:28] LiveBook: 6312 Games} a6 {[%emt 0:01:47]} 8. Qd2 {[%emt 0:00:33]} b5 {[%emt 0:00:04]} 9. dxc5 {[%emt 0:00:31]} Bxc5 {[%emt 0:00:14]} 10. O-O-O {[%emt 0:00:50] C11: French: Classical System: 4 e5 and 4 Bg5 dxe4} (10. Ne2 O-O 11. Ned4 Qb6 12. c3 b4 13. Bd3 a5 14. O-O Ba6 15. Kh1 Bxd3 16. Qxd3 Qa6 17. Qc2 bxc3 18. bxc3 {½-½ (31) Dominguez Perez,L (2739)-So,W (2788) Saint Louis 2017}) 10... Qb6 {[%emt 0:00:57]} 11. Nd4 {[%emt 0:01:23]} f6 {[%emt 0:36:01]} 12. exf6 {[%emt 0:08:26]} Nxf6 {[%emt 0:00:46]} 13. g3 $146 {[%emt 0:08:48]} ({Predecessor:} 13. Be2 O-O 14. Bf3 Na5 15. b3 Rb8 16. Rde1 Re8 17. g4 Ne4 18. Bxe4 dxe4 {0-1 (28) Pomaro,A (2306)-Javina,D (2376) Grosseto 2010}) 13... O-O {[%emt 0:07:26]} 14. Bh3 {[%emt 0:03:05]} e5 {[%emt 0:12:29]} 15. fxe5 {[%emt 0:01:19]} Nxe5 {[%emt 0:03:57]} 16. Bxc8 {[%emt 0:00:27]} Raxc8 {[%emt 0:01:04]} 17. Nf5 $1 {[%emt 0:02:10]} Nc4 {[%emt 0:05:38]} 18. Nxd5 $2 {[%emt 0:05:04]} (18. Bxc5 $11 {and White has nothing to worry.} Qxc5 19. Qd4) 18... Qe6 {[%emt 0:04:01]} 19. Bxc5 $2 {[%emt 0:08:18]} (19. Qd3 {might work better.} Nxd5 20. Qxd5 Qxd5 21. Rxd5 Bxe3+ 22. Nxe3 Nxe3 23. Rd2) 19... Nxd2 {[%emt 0:03:40]} 20. Nde7+ {[%emt 0:17:27]} Kh8 {[%emt 0:00:34]} 21. Nxc8 {[%emt 0:01:36]} Rxc8 {[%emt 0:00:49]} 22. Rxd2 {[%emt 0:05:31]} Qxf5 {[%emt 0:00:31]} 23. Bb6 {[%emt 0:03:57]} Qe6 {[%emt 0:01:34]} 24. Bd4 {[%emt 0:00:44]} Qxa2 {[%emt 0:01:02]} 25. b3 {[%emt 0:00:07]} Qa3+ {[%emt 0:01:18]} 26. Bb2 {[%emt 0:00:07]} Qc5 {[%emt 0:00:47]} 27. Rhd1 {[%emt 0:00:14]} h6 {[%emt 0:00:59]} 28. Bd4 {[%emt 0:01:02]} Qf5 {[%emt 0:00:30]} 29. Rf2 {[%emt 0:00:32]} Qe6 {[%emt 0:00:50]} 30. h4 {[%emt 0:01:12]} Ng4 {[%emt 0:01:40]} 31. Rfd2 {[%emt 0:02:32]} Qc6 {[%emt 0:00:45]} 32. Bb2 {[%emt 0:00:37]} Ne3 {[%emt 0:00:54]} 33. Re1 {[%emt 0:00:42]} Nxc2 {[%emt 0:00:30]} 34. Re7 {[%emt 0:01:28]} Qh1+ {[%emt 0:00:28]} 35. Rd1 {[%emt 0:00:28]} Ne3+ {[%emt 0:00:16]} 36. Kb1 {[%emt 0:00:32]} Qxd1+ {[%emt 0:00:05]} 37. Ka2 {[%emt 0:00:10]} Nf5 {[%emt 0:00:50]} 38. Rf7 {[%emt 0:00:15]} Qd5 {[%emt 0:00:29]} 39. Ra7 {[%emt 0:00:26]} Rc2 {[%emt 0:00:46]} 40. Rxa6 {[%emt 0:00:42]} Qd4 {[%emt 0:15:16]} 41. Ra8+ {[%emt 0:15:23]} Kh7 {[%emt 0:00:04]} 42. Ka3 {[%emt 0:00:12]} Qxb2+ {[%emt 0:00:13]} 43. Kb4 {[%emt 0:00:05]} Rc4+ {[%emt 0:00:13]} 44. Ka5 {[%emt 0:00:09]} Qa3+ {[%emt 0:00:15]} 45. Kb6 {[%emt 0:00:05]} Qxa8 {[%emt 0:00:14]} 46. bxc4 {[%emt 0:00:05]} bxc4 {[%emt 0:00:21]} 47. g4 {[%emt 0:00:06]} Qd5 {[%emt 0:00:14]} 48. g5 {[%emt 0:00:30]} c3 {[%emt 0:00:05]} 49. h5 {[%emt 0:00:04]} c2 {[%emt 0:00:06]} 50. g6+ {[%emt 0:00:04]} Kg8 {[%emt 0:00:03]} 51. Kc7 {[%emt 0:00:14]} c1=Q+ {[%emt 0:00:18]} 52. Kb8 {[%emt 0:00:11]} Qd7 {[%emt 0:00:11]} 0-1